000 01019nas a2200349 4500
001 BR0401112
003 BR-BrBNA
005 20231205104443.0
007 ta
008 230509b bl.|||p| |||| 00| 00por d
040 _aBR-BrBNA
_bpor
_cBiblioteca Nacional de Agricultura
041 _a(Pt)
072 _aH60
100 1 _aCataneo, A.C.
100 1 _aDéstro, G.F.G.
100 1 _aFerreira, L.C.
100 1 _aChamma, K.L.
100 1 _aSousa, D.C.F.
245 1 _aAtividade de glutationa S-transferase na degradação do herbicida glyphosate em plantas de milho (Zea mays)
650 _aMILHO
650 _aERVA DANINHA
650 _aSTRESS
650 _aHERBICIDA
650 _aATIVIDADE ENZIMCA
650 _aDESINTOXICAÇÃO
650 _aCONTROLE QUÍMICO
650 _aMÉTODO DE APLICAÇÃO
650 _aÁREA FOLIAR
773 0 _tPlanta Daninha (Brazil)
_xISSN 0100-8358
_g(2003), v. 21(2) p. 307-312
_wBR0401112
909 _a202311
_bLúcia
_c55
_dLúcia Elande
942 _2AGRIS
_n0
_cANA
999 _c178224
_d178224